| 000 | 01024cam a22003011 4500 | ||
|---|---|---|---|
| 001 | pa 59000037 | ||
| 003 | DLC | ||
| 005 | 20260227111854.0 | ||
| 008 | 740205m19581959dcu b 000 0 eng c | ||
| 010 | _apa 59000037 | ||
| 035 | _a(OCoLC)790051 | ||
| 040 |
_aPan American Union. Library _cMMeT _dOCoLC _dDLC |
||
| 042 | _apremarc | ||
| 050 | 0 | 0 |
_aF2319 _b.C7 |
| 082 | _a913.87 | ||
| 100 | 1 | _aCruxent, José María. | |
| 245 | 1 | 3 |
_aAn archeological chronology of Venezuela, _cby J.M. Cruxent and Irving Rouse. |
| 260 |
_aWashington, _bPan American Union, _c1958-59. |
||
| 300 |
_a2 v. _c24 cm. |
||
| 490 | 1 |
_aSocial science monographs, _v6 |
|
| 500 | _aIssued also in Spanish. | ||
| 504 | _aBibliography: v. 1, p. 266-277. | ||
| 650 | 0 |
_aArchaeology _zVenezuela. |
|
| 651 | 0 |
_aVenezuela _xAntiquities. |
|
| 650 | 0 |
_aIndians of South America _zVenezuela _xAntiquities. |
|
| 700 | 1 |
_aRouse, Irving, _d1913-2006 _ejoint author. |
|
| 810 | 2 |
_aPan American Union. _bSocial Science Section. _tSocial science monographs ; _v6. |
|
| 999 |
_c51404 _d51404 |
||